| 000 | 00647nam a2200205 a 4500 | ||
|---|---|---|---|
| 001 | 000044181 | ||
| 003 | 000044181 | ||
| 005 | 20180212134206.0 | ||
| 008 | 140605s2010 dr 000 0 spa d | ||
| 020 | _a9789945131291 | ||
| 040 |
_aBPMSU _bspa _cBPMSU |
||
| 092 |
_axxxxxx _bxxxxxx |
||
| 100 | 1 | _aPeñaló S., Paulino A. | |
| 245 | 1 | 3 |
_aEl código de peñaló : _bprincipios de superación y seguridad personal / _cPaulino A. Peñaló S. |
| 260 |
_aSanto Domingo : _bMediabyte, _c2010. |
||
| 300 |
_a167 p. : _c22 cm. |
||
| 942 |
_2ddc _cBK |
||
| 945 | _aTítulo remanejado para la BNPHU / 2018 VM | ||
| 956 |
_aVMATEO _b10 _c20150914 _lBPMSU _h0069 |
||
| 999 |
_c7165 _d7165 |
||